The plant hormone ethylene

Saved in:
书目详细资料
主要作者: McManus, Michael T. (autor)
格式: 图书
语言:英语
出版: Chichester Wiley-Blackwell 2012
丛编:Annual Plant Review, 44
主题:
标签: 添加标签
没有标签, 成为第一个标记此记录!

MARC

LEADER 00000cam a2200000 a 4500
001 UCF5390
003 CL-VaPUC
008 130307e20120000UK |||||||||||||||||eng|d
020 |a 9781444330038 
082 0 4 |a 571.742  |b MCM  |2 21 
100 |a McManus, Michael T.  |e autor  |9 567239 
245 1 4 |a The plant hormone ethylene 
300 |a 392 p 
942 |c BK 
945 |d 20130307 00:00:00  |a dcastane 
260 |a Chichester  |b Wiley-Blackwell  |c 2012 
650 0 |a Hormonas vegetales  |9 264717 
650 0 |a Propiedades químicas   |9 345805 
650 0 |a Fisiología vegetal  |9 260158 
650 0 |a Etileno  |9 362384 
583 |a last modification  |c 20171117 10:17:58  |k Rodrigo Vera 
490 0 |a Annual Plant Review, 44 
999 |c 350930  |d 350928 
952 |0 0  |1 0  |4 0  |6 571_742000000000000_MCM_2012  |7 0  |8 A  |9 454692  |a BIBAGR  |b BIBAGR  |d 2019-11-22  |i 4950356  |o 571.742 MCM 2012  |p 4950356  |r 2025-01-20  |w 2019-11-22  |y BK  |k AGR